<L'>Assemblée parlementaire Council of Europe

Na minha lista:
Detalhes bibliográficos
Formato: Livro
Idioma:francês
Publicado em: Strasbourg Conseil de l'Europe 1984
Tags: Adicionar Tag
Sem tags, seja o primeiro a adicionar uma tag!

MARC

LEADER 00000nam a2200000 4500
001 c114343
005 20250606083949.4
041 0 |a fre 
044 |a FR 
245 1 0 |a <L'>Assemblée parlementaire  |b Council of Europe 
264 1 |a Strasbourg  |b Conseil de l'Europe  |c 1984 
300 |a 405 s.